000
00295nam a22001337a 4500
008
180123b xxu||||| |||| 00| 0 eng d
020
_a
0809498581
041
_a
eng
080
_a
91
100
_a
42
101
_a
ark
245
_a
mound buildiers clif dwellers
_c
james.k
942
_2
udc
_c
BK
999
_c
40772
_d
40772